000 00579nam a2200169 a 4500
001 000017491
005 20200929165129.0
008 100325s1982 dr c 000 0 spa d
040 _aDO-SdBNP
_bspa
_cBNPHU
082 _axxxx
_bC221d
100 1 _aCanelo, J. de Frank
_938208
245 1 0 _aDónde, por qué, de qué, cómo viven los dominicanos en el extranjero /
_cJ. de Frank Canelo.
260 _aSanto Domingo :
_bAlfa y Omega,
_c1982.
300 _a254 p. :
_bretrs. ;
_c21 cm.
504 _aIncluye referencias bibliográficas y notas al pie de las páginas
049 _aBNPD
999 _c17016
_d17016